Problems in the theory of modular forms / (Record no. 14968)
[ view plain ]
| 000 -LEADER | |
|---|---|
| fixed length control field | 02380cam a22003015i 4500 |
| 001 - CONTROL NUMBER | |
| control field | TB12448 |
| 003 - CONTROL NUMBER IDENTIFIER | |
| control field | IN-BhIIT |
| 005 - DATE AND TIME OF LATEST TRANSACTION | |
| control field | 20250731144055.0 |
| 008 - FIXED-LENGTH DATA ELEMENTS--GENERAL INFORMATION | |
| fixed length control field | 161125s2016 si |||| o |||| 0|eng |
| 020 ## - INTERNATIONAL STANDARD BOOK NUMBER | |
| ISBN | 9789380250724 (PBK) |
| 040 ## - CATALOGING SOURCE | |
| Original cataloging agency | IN-BhIIT |
| 041 ## - LANGUAGE CODE | |
| Language code of text | eng |
| 082 04 - DEWEY DECIMAL CLASSIFICATION NUMBER | |
| Classification number | 512.7 |
| Book number | MUR/P |
| 100 1# - MAIN ENTRY--AUTHOR NAME | |
| Personal name | Murty, M. Ram. |
| Relator term | Author |
| 245 10 - TITLE STATEMENT | |
| Title | Problems in the theory of modular forms / |
| Statement of responsibility, etc | by M. Ram Murty, Michael Dewar, Hester Graves. |
| 260 ## - PUBLICATION, DISTRIBUTION, ETC. (IMPRINT) | |
| Place of publication | New Delhi : |
| Name of publisher | Hindustan Book Agency, |
| Year of publication | 2015. |
| 300 ## - PHYSICAL DESCRIPTION | |
| Number of Pages | xv, 291 p. : |
| Other physical details(ill.) | ill. ; |
| Dimensions(size) | 24 cm. |
| 490 1# - SERIES STATEMENT | |
| Series statement | IMSc Lecture Notes in Mathematics; 1 |
| 505 0# - FORMATTED CONTENTS NOTE | |
| Formatted contents note | Part I Problems -- Chapter 1. Jacobi's q-series -- Chapter 2. The Modular Group -- Chapter 3. The Upper Half-Plane -- Chapter 4. Modular Forms of Level One -- Chapter 5. The Ramanujan _ T-function -- Chapter 6. Modular Forms of Higher Level -- Chapter 7. The Petersson Inner Product -- Chapter 8. Hecke Operators of Higher Level -- Chapter 9. Dirichlet Series and Modular Forms -- Chapter 10. Special Topics -- Part II Solutions -- Chapter 1. Jacobi's q-series -- Chapter 2. The Modular Group -- Chapter 3. The Upper Half-Plane -- Chapter 4. Modular Forms of Level One -- Chapter 5. The Ramanujan _ T-function -- Chapter 6. Modular Forms of Higher Level -- Chapter 7. The Petersson Inner Product -- Chapter 8. Hecke Operators of Higher Level -- Chapter 9. Dirichlet Series and Modular Forms -- Chapter 10. Special Topics. |
| 520 ## - SUMMARY, ETC. | |
| Summary, etc | This book introduces the reader to the fascinating world of modular forms through a problem-solving approach. As such, besides researchers, the book can be used by the undergraduate and graduate students for self-instruction. The topics covered include q-series, the modular group, the upper half-plane, modular forms of level one and higher level, the Ramanujan tau-function, the Petersson inner product, Hecke operators, Dirichlet series attached to modular forms and further special topics. It can be viewed as a gentle introduction for a deeper study of the subject. Thus, it is ideal for non-experts seeking an entry into the field. |
| 650 #0 - SUBJECT ADDED ENTRY--TOPICAL TERM | |
| Topical Term | Number theory. |
| Topical Term | Operator theory. |
| Topical Term | Sequences (Mathematics). |
| Topical Term | Special functions. |
| 700 1# - ADDED ENTRY--PERSONAL NAME | |
| Personal name | Dewar, Michael. |
| Relator term | Joint author. |
| Personal name | Graves, Hester. |
| Relator term | Joint author. |
| 942 ## - ADDED ENTRY ELEMENTS (KOHA) | |
| Koha item type | Text Book |
| Koha issues (borrowed), all copies | 1 |
| Withdrawn status | Lost status | Damaged status | Not for loan | Collection code | Home library | Current library | Date acquired | Source of acquisition | Cost, normal purchase price | Full call number | Accession Number | Cost, replacement price | Price effective from | Koha item type |
|---|---|---|---|---|---|---|---|---|---|---|---|---|---|---|
| Not withdrawn | Not Lost | not damaged | SBS | Central Library, IIT Bhubaneswar | Central Library, IIT Bhubaneswar | 06/03/2025 | 31 | 525.00 | 512.7 MUR/P | TB12449 | 700.00 | 06/03/2025 | Text Book | |
| Not withdrawn | Not Lost | not damaged | SBS | Central Library, IIT Bhubaneswar | Central Library, IIT Bhubaneswar | 06/03/2025 | 31 | 525.00 | 512.7 MUR/P | TB12448 | 700.00 | 06/03/2025 | Text Book |